| 000 | 00506nam a2200193 a 4500 | ||
|---|---|---|---|
| 005 | 20140412111417.0 | ||
| 008 | 070806s19uu xx 00 eng d | ||
| 020 | _a0-03-028063-x | ||
| 050 |
_aTR(GS 507 _bA88 1989 |
||
| 100 | _aAbruscato, Joseph | ||
| 245 |
_aHolt Science 2 : Science fair : _bHandbook / _cJoseph Abruscato. |
||
| 260 |
_aU.S.A : _bHolt Rinehart, _c1989. |
||
| 300 | _a293 | ||
| 440 | _aHolt Science | ||
| 999 |
_c105895 _d105895 |
||